Cricket: Current Test Opening Batsmen - Statistics

General Stats
  • This quiz has been taken 148 times
  • The average score is 6 of 20
Answer Stats
country player % Correct
England Alastair Cook
76%
New Zealand Tom Latham
54%
Australia Joe Burns
46%
India Murali Vijay
42%
India Lokesh Rahul
41%
South Africa Dean Elgar
40%
Bangladesh Tamim Iqbal
36%
Sri Lanka Dimuth Karunaratne
29%
West Indies Kraigg Brathwaite
29%
South Africa Aiden Markram
24%
New Zealand Jeet Raval
20%
Sri Lanka Kusal Mendis
20%
England Mark Stoneman
20%
Australia Matt Renshaw
20%
Pakistan Shan Masood
16%
Bangladesh Imrul Kayes
14%
Zimbabwe Hamilton Masakadza
13%
West Indies Kieran Powell
8%
Zimbabwe Chamu Chibhabha
6%
Pakistan Sami Aslam
4%
No matching quizzes found
Score Distribution
Percent of People with Each Score
Percentile by Number Answered
Your Score History
You have not taken this quiz